|
|
|
|
| LEADER |
00000nam0a2200000 4500 |
| 001 |
363685 |
| 005 |
20231102011620.0 |
| 035 |
|
|
|a (RuTPU)RU\TPU\retro\21032
|
| 090 |
|
|
|a 363685
|
| 100 |
|
|
|a 20211007d1979 km y0rusy50 ca
|
| 101 |
0 |
|
|a rus
|
| 102 |
|
|
|a AZ
|
| 105 |
|
|
|a y z 001zy
|
| 200 |
1 |
|
|a Теория приближения целыми функциями
|f И. И. Ибрагимов
|g Академия наук Азербайджанской ССР, Институт математики и механики
|
| 210 |
|
|
|a Баку
|c Элм
|d 1979
|
| 215 |
|
|
|a 468 с.
|
| 320 |
|
|
|a Библиогр.: с. 451-463
|
| 606 |
1 |
|
|a Целые функции
|2 stltpush
|3 (RuTPU)RU\TPU\subj\17093
|9 42922
|
| 606 |
1 |
|
|a Приближения полиноминальные
|2 stltpush
|3 (RuTPU)RU\TPU\subj\51525
|9 70098
|
| 610 |
1 |
|
|a классы функций
|
| 610 |
1 |
|
|a конечные степени
|
| 610 |
1 |
|
|a пределы функции
|
| 610 |
1 |
|
|a последовательности
|
| 610 |
1 |
|
|a производные
|
| 610 |
1 |
|
|a экстремальные задачи
|
| 610 |
1 |
|
|a линейные операторы
|
| 610 |
1 |
|
|a нормированные пространства
|
| 610 |
1 |
|
|a интегральные операторы
|
| 610 |
1 |
|
|a функции комплексного переменного
|
| 675 |
|
|
|a 517. 547
|v 4
|
| 675 |
|
|
|a 517. 518.8
|v 4
|
| 700 |
|
1 |
|a Ибрагимов
|b И. И.
|
| 712 |
0 |
2 |
|a Академия наук Азербайджанской ССР
|b Институт математики и механики
|c (Баку)
|2 stltpush
|3 (RuTPU)RU\TPU\col\11562
|9 25184
|
| 801 |
|
1 |
|a RU
|b 63413507
|c 20211007
|
| 942 |
|
|
|c BK
|